00709nam a2200169 a 4500008004100000050001700041100001800058245005900076246007200135260003300207350000900240650002800249650001600277995009600293999001700389952013300406120416s1997 ||||||||||||||||| || u aHC 79.E5 Adv aMoore, Gary T10aAdvances in environmental behaviuor and design, vol. 4 atoward the integration of theory, methods, research and utilization aNew YorkbPlenum Pressc1997 a0.00 aENVIRONMENTAL BEHAVIOUR aENVIRONMENT D0.00FCBU-MAIN LIBRARY (Kitwe)H1I10.00M1UAVAILABLEZMain Library Open Access Collection c33602d33602 00102lcc4070a001b001cMain Library Open Access Collectiond2022-11-30l0oHC 79.E5 Advp027357r2022-11-30w2022-11-30y002